000 00535nam a2200193Ia 4500
005 20250326140524.0
008 250326s9999 xx 000 0 und d
037 _aTextbook
040 _aFMSL
_beng
_cFMSL
041 _aeng
_2eng
084 _aSNIobX:8 P1
_qFMSL
100 _aRobbins S P
_9308447
245 0 _aOrganizational behavior
_cRobbins S P
250 _aEd 9
260 _aNew Delhi
_bNew Delhi, Prentice Hall of India
_c2002
300 _a642p
942 _cTB
_hSNIobX:8 P1
999 _c1286157
_d1286157